Thomas Jefferson A

Elliott Lee, Andrew Shi, Deven Hagen, Dylan Cheng


Current Events - U.S.320.0067%67%67%
Current Events - World420.00100%75%25%
Fine Arts - Architecture220.00100%100%0%
Fine Arts - Ballet/Dance120.00100%100%0%
Fine Arts - Film120.00100%100%0%
Fine Arts - Jazz323.33100%67%67%
Fine Arts - Miscellaneous422.50100%100%25%
Fine Arts - Music1217.50100%67%8%
Fine Arts - Opera210.0050%50%0%
Fine Arts - Painting625.00100%100%50%
Fine Arts - Sculpture130.00100%100%100%
Geography - Europe220.00100%100%0%
Geography - United States120.00100%100%0%
Geography - World316.67100%67%0%
History - American920.00100%67%33%
History - Cross, Historiography, and Miscellaneous922.22100%89%33%
History - European1022.00100%80%40%
History - World1027.00100%100%70%
Literature - American1120.9191%73%46%
Literature - British923.33100%89%44%
Literature - European817.50100%75%0%
Literature - World and Miscellaneous1120.00100%82%18%
Other - Other Academic and General Knowledge922.2289%78%56%
RMP - Buddhism120.00100%0%100%
RMP - Christian Practice110.00100%0%0%
RMP - Greco-Roman Mythology427.50100%100%75%
RMP - Hinduism120.00100%100%0%
RMP - Islam220.00100%100%0%
RMP - Jewish Practice10.000%0%0%
RMP - New Testament215.00100%50%0%
RMP - Other Religion230.00100%100%100%
RMP - Philosophy816.2588%50%25%
RMP - World Mythology823.75100%88%50%
Science - Astronomy425.00100%75%75%
Science - Biology1018.0080%80%20%
Science - Chemistry821.25100%88%25%
Science - Computer Science225.00100%50%100%
Science - Earth320.00100%100%0%
Science - Engineering and Miscellaneous320.00100%67%33%
Science - Math225.00100%100%50%
Science - Physics1015.00100%50%0%
Social Science - Economics220.00100%100%0%
Social Science - Linguistics130.00100%100%100%
Social Science - Other215.00100%50%0%
Social Science - Psychology326.67100%100%67%
Social Science - Sociology215.00100%50%0%